Statutory basis for administrative and specialized service staffing in local school districts. (Record no. 34228)

MARC details
000 -LEADER
fixed length control field 01243cam a22002891 4500
001 - CONTROL NUMBER
control field hew60000007
003 - CONTROL NUMBER IDENTIFIER
control field DLC
005 - DATE AND TIME OF LATEST TRANSACTION
control field 20260227111510.0
008 - FIXED-LENGTH DATA ELEMENTS--GENERAL INFORMATION
fixed length control field 760611s1959 dcu 000 0 eng c
010 ## - LIBRARY OF CONGRESS CONTROL NUMBER
LC control number hew60000007
035 ## - SYSTEM CONTROL NUMBER
System control number (OCoLC)2223422
040 ## - CATALOGING SOURCE
Original cataloging agency U.S. Dept. of Health, Education, and Welfare Library
Transcribing agency TxU-Da
Modifying agency OCoLC
-- DLC
042 ## - AUTHENTICATION CODE
Authentication code premarc
050 00 - LIBRARY OF CONGRESS CALL NUMBER
Classification number L111
Item number .A6 1960, no. 1
082 ## - DEWEY DECIMAL CLASSIFICATION NUMBER
Classification number 371.1
100 1# - MAIN ENTRY--PERSONAL NAME
Personal name Roesch, Winston Leigh,
Dates associated with a name 1911-
245 10 - TITLE STATEMENT
Title Statutory basis for administrative and specialized service staffing in local school districts.
260 ## - PUBLICATION, DISTRIBUTION, ETC.
Place of publication, distribution, etc. [Washington]
Name of publisher, distributor, etc. U.S. Dept. of Health, Education, and Welfare, Office of Education
Date of publication, distribution, etc. [1959]
300 ## - PHYSICAL DESCRIPTION
Extent xii, 208 p.
Other physical details tables.
Dimensions 24 cm.
410 10 - SERIES STATEMENT/ADDED ENTRY--CORPORATE NAME [OBSOLETE, CAN/MARC], [LOCAL, USA]
Corporate name or jurisdiction name as entry element United States.
Subordinate unit Office of Education.
Title of a work Bulletin,
Volume number/sequential designation 1960, no. 1
500 ## - GENERAL NOTE
General note "OE-23000."
500 ## - GENERAL NOTE
General note Copies 1 and 3 bound with: Bulletin / United States. Office of Education, 1960, no. 2-1960, no. 5, subsequent to publication.
650 #0 - SUBJECT ADDED ENTRY--TOPICAL TERM
Topical term or geographic name entry element Educational law and legislation
Geographic subdivision United States.
650 #0 - SUBJECT ADDED ENTRY--TOPICAL TERM
Topical term or geographic name entry element School management and organization.
740 0# - ADDED ENTRY--UNCONTROLLED RELATED/ANALYTICAL TITLE
Uncontrolled related/analytical title Administrative and specialized service staffing in local school districts.
740 0# - ADDED ENTRY--UNCONTROLLED RELATED/ANALYTICAL TITLE
Uncontrolled related/analytical title Specialized service staffing in local school districts.

No items available.

Powered by Koha